[Event "Schweinfurt op 29th"]
[Site "Schweinfurt"]
[Date "2019.06.23"]
[Round "6"]
[White "Alekhin, Evgenii"]
[Black "Leichum, Engelbert"]
[Result "0-1"]
[WhiteElo "1051"]
[BlackElo "1601"]
[PlyCount "86"]
[EventDate "2019.06.20"]
[EventType "swiss"]
[EventRounds "7"]
[EventCountry "GER"]
[SourceTitle "CBM 191 Extra"]
[Source "ChessBase"]
[SourceDate "2019.09.30"]
[SourceVersion "1"]
[SourceVersionDate "2019.09.30"]
[SourceQuality "1"]

1. b4 e5 2. Bb2 Bxb4 3. Bxe5 Nf6 4. Nc3 Nc6 5. Bxf6 Qxf6 6. Nd5 Qd6 7. Nxb4 Nxb4 8. e4 Qf6 9. c3 Nc6 10. Bc4 0-0 11. Nf3 Ne7 12. e5 Qg6 13. g3 b6 14. Nh4 Qe4+ 15. Be2 Qxh1+ 16. Bf1 Qe4+ 17. Be2 Qxe5 18. f4 Qe4 19. Nf3 Re8 20. Ng5 Qh1+ 21. Bf1 Nd5+ 22. Kf2 Qxh2+ 23. Bg2 Bb7 24. Nf3 Qh6 25. Qb3 Re7 26. Qc2 Rae8 27. Ne5 Nxf4 28. Rh1 Nh3+ 29. Rxh3 Qf6+ 30. Kg1 h6 31. Ng4 Re1+ 32. Kh2 Qe6 33. Bxb7 Qxg4 34. Rh4 Qe2+ 35. Bg2 Qf2 36. Rf4 Qg1+ 37. Kh3 R8e6 38. Qa4 R1e2 39. Qxd7 Qxg2+ 40. Kg4 h5+ 41. Kxh5 R2e5+ 42. Kh4 Rh6+ 43. Kg4 Rg6+ 0-1